Catálogo

La justificación del bien : (Registro nro. 24646)

Detalles MARC
000 -LEADER
fixed length control field 01258nam a2200337 a 4500
001 - CONTROL NUMBER
control field 24646
003 - CONTROL NUMBER IDENTIFIER
control field Mx-PuUPA
005 - DATE AND TIME OF LATEST TRANSACTION
control field 20250616161910.0
008 - FIXED-LENGTH DATA ELEMENTS--GENERAL INFORMATION
fixed length control field 140415s2012 sp gr 001 0 spa d
020 ## - INTERNATIONAL STANDARD BOOK NUMBER
International Standard Book Number 9788430118069
040 ## - CATALOGING SOURCE
Original cataloging agency Mx-PuUPA
Language of cataloging spa
Transcribing agency Mx-PuUPA
Modifying agency Mx-PuUPA
Description conventions rda
041 1# - LANGUAGE CODE
Language code of text/sound track or separate title spa
Language code of original rus
100 1# - MAIN ENTRY--PERSONAL NAME
Personal name Solovyov, Vladimir Sergeyevich,
Dates associated with a name 1853-1900
9 (RLIN) 17171
Relator term autor
240 10 - UNIFORM TITLE
Uniform title Оправдание добра.
Language of a work Español
245 13 - TITLE STATEMENT
Title La justificación del bien :
Remainder of title ensayo de filosofía moral /
Statement of responsibility, etc. Vladímir Soloviov ; traducción de José María Vegas
264 #1 - PRODUCTION, PUBLICATION, DISTRIBUTION, MANUFACTURE, AND COPYRIGHT NOTICE
Place of production, publication, distribution, manufacture Salamanca, España :
Name of producer, publisher, distributor, manufacturer Ediciones Sígueme,
Date of production, publication, distribution, manufacture, or copyright notice 2012
-- ©2011
300 ## - PHYSICAL DESCRIPTION
Extent 589 páginas :
Dimensions 24 cm
336 ## - CONTENT TYPE
Fuente rdacontent
Content type term texto
Content type code txt
337 ## - MEDIA TYPE
Source rdamedia
Media type term sin medio
Media type code n
338 ## - CARRIER TYPE
Source rdacarrier
Carrier type term volumen
Carrier type code nc
490 0# - SERIES STATEMENT
Series statement Hermeneia ;
Volume/sequential designation 95
650 #7 - SUBJECT ADDED ENTRY--TOPICAL TERM
Source of heading or term armarc
Topical term or geographic name entry element Bien y mal
General subdivision Aspectos
650 #7 - SUBJECT ADDED ENTRY--TOPICAL TERM
Source of heading or term armarc
Topical term or geographic name entry element Ética
700 1# - ADDED ENTRY--PERSONAL NAME
Personal name Vegas, José María,
Relator term traductor
765 ## - ORIGINAL LANGUAGE ENTRY
Main entry heading Soloviov, Vladímir
Title Оправдание добра
942 ## - ADDED ENTRY ELEMENTS (KOHA)
Source of classification or shelving scheme Dewey Decimal Classification
Koha item type Libro
Classification part 170
Item part S6818
260 ## - PUBLICATION, DISTRIBUTION, ETC.
Place of publication, distribution, etc. [s.l.] :
Name of publisher, distributor, etc. CARLOS FERNANDO JEAN SALVATORI,
Date of publication, distribution, etc. 1997
Existencias
Withdrawn status Lost status Source of classification or shelving scheme Damaged status Not for loan Collection code Home library Current library Shelving location Date acquired Source of acquisition Cost, normal purchase price Total Checkouts Full call number Barcode Date last seen Cost, replacement price Price effective from Koha item type
    Dewey Decimal Classification     General Biblioteca Karol Wojtyla Biblioteca Karol Wojtyla Sala general 03/12/2024 Compra 0.00   170 S6818 2012 46029 05/01/2026 0.00 03/12/2013 Libro